000 00276nam a2200133Ia 4500
100 _aHutty/Roger
942 _cBK
654 _aFortran
245 _aFortran For Stundents
260 _bMac Millian
_aHong Kong
_c1982
082 _a1.6
300 _a99
546 _aENGLISH
999 _c20472
_d20472